000 00615nam a2200217 i 4500
001 C2-0179604
003 PPAK
005 20180728095011.0
008 981014s1982 mau |||| ||||| | eng d
040 _aPPAK
_beng
_cPPAK
_erda
082 0 4 _a651.5
_2 23
090 0 0 _a651.5
_bLAS
_dG
100 1 _aLasselle, Richard C.,
_eauthor
245 1 0 _aRecordkeeping, the total concept Richard
264 1 _aBoston, Massachusetts :
_bMass. Houghton Mifflin, ,
_c1982
300 _apages ill ;
_c24 cm
336 _2rdacontent
_atext
337 _2rdamedia
_aunmediated
338 _2rdacarrier
_avolume
942 _ddc
_cB
999 _c155724
_d155724